000 00685nam a2200277Ia 4500
005 20260324114826.0
008 008 260324s9999 xx 000 0 eng d
020 _a9781003172437
037 _aEBOOK
040 _aCRL
040 _beng
040 _cCRL
041 _2eng
041 _aeng
084 _qCRL
100 _aCharles F. Bowman; Seth N. Bowman
_91152304
245 0 _aEngineering of Power Plant and Industrial Cooling Water Systems
260 _bTaylor and Francis
260 _c2021
365 _a
365 _b180
856 _uhttp://www.taylorfrancis.com/books/9781003172437
942 _cEBOOK
999 _c1742713
_d1742713